000 00844nac a22002537a 4500
001 BR6001241
003 BR-BrBNA
005 20240105121855.0
008 230509b bl.|||m| |||| 00| 0 por d
040 _aBR-BrBNA
_bpor
_cBiblioteca Nacional de Agricultura
072 _aF01
090 _a1930 BR6001241
110 1 _aMinisterio da Agricultura, Rio de Janeiro, GB (Brasil). Servico de Industria Pastoril
245 1 _aO capim elefante pennisetum purpureum Schum
260 3 _aRio de Janeiro, GB (Brasil):
_bTip. do Servico de Industria,
_c1931.
300 _a83 p.
490 _aPublicacao - Estacao Experimental de Agrostologia (Brazil)
_vno. 4
_x
650 _aCapim Elefante
650 _aPratica Cultural
650 _aAdubacao
650 _aInseto
909 _a202312
_bLúcia Elande
_c55
_dLúcia Elande
942 _2AGRIS
_n0
_cMS
999 _c287973
_d287973